[Event "Aberdeen op"]
[Site "Aberdeen"]
[Date "1994.??.??"]
[Round "1"]
[White "Hastings, Jonathan"]
[Black "George, Andrew"]
[Result "0-1"]
[WhiteElo "2215"]
[BlackElo "2055"]
[PlyCount "72"]
[EventDate "1994.??.??"]
[EventType "swiss"]
[EventRounds "6"]
[EventCountry "SCO"]
[SourceTitle "EXT 2000"]
[Source "ChessBase"]
[SourceDate "1999.11.16"]
[SourceVersion "1"]
[SourceVersionDate "1999.11.16"]
[SourceQuality "1"]

1. d4 Nf6 2. c4 c5 3. d5 b5 4. cxb5 a6 5. b6 Qxb6 6. Nc3 g6 7. e4 d6 8. Bc4 Bg7 9. Nge2 0-0 10. 0-0 Nbd7 11. f4 Qc7 12. Qd3 Nb6 13. b3 e6 14. dxe6 Bxe6 15. Rb1 Bxc4 16. bxc4 Rfe8 17. f5 Ng4 18. Nd5 Nxd5 19. Qxd5 Nf6 20. Qd3 Nxe4 21. fxg6 hxg6 22. Qd5 Ra7 23. Bb2 Qe7 24. Bxg7 Kxg7 25. Rb6 Nf6 26. Qxd6 Qe3+ 27. Kh1 Re6 28. Qd8 Qxe2 29. Kg1 Rae7 30. h3 Qe3+ 31. Kh1 Rxb6 32. Qxb6 Ne4 33. Qb2+ Kh7 34. Rf3 Ng3+ 35. Kh2 Qxf3 36. gxf3 Re2+ 0-1

[Event "BCF-ch"]
[Site "Dundee"]
[Date "1993.??.??"]
[Round "9"]
[White "Hastings, Jonathan"]
[Black "Bates, Richard"]
[Result "0-1"]
[WhiteElo "2210"]
[BlackElo "2235"]
[PlyCount "93"]
[EventDate "1993.08.??"]
[EventType "swiss"]
[EventRounds "11"]
[EventCountry "SCO"]
[SourceTitle "TD"]
[Source "ChessBase"]
[SourceDate "1994.03.01"]
[SourceVersion "1"]
[SourceVersionDate "1994.03.01"]
[SourceQuality "1"]

1. e4 c5 2. c4 Nc6 3. Nc3 g6 4. f4 Bg7 5. d3 d6 6. Nf3 e6 7. g3 Nge7 8. Be3 Nd4 9. Bxd4 cxd4 10. Ne2 Nc6 11. Bg2 Qa5+ 12. Qd2 Qxd2+ 13. Kxd2 0-0 14. Rhc1 f5 15. c5 fxe4 16. dxe4 d3 17. Nc3 dxc5 18. e5 Nb4 19. Ne4 b6 20. Ne1 Ba6 21. Nf6+ Bxf6 22. Bxa8 Bxe5 23. fxe5 Rxa8 24. Nf3 Rf8 25. Rf1 Rf5 26. h3 Bb7 27. Ng1 Rxe5 28. Rf2 Rf5 29. Raf1 Bg2 30. Rxf5 gxf5 31. Rf2 Be4 32. a3 Nd5 33. Nf3 Bxf3 34. Rxf3 c4 35. a4 a6 36. Rf1 b5 37. axb5 axb5 38. Ra1 Nf6 39. Ke3 Ne4 40. g4 d2 41. gxf5 exf5 42. Ke2 b4 43. Ra8+ Kf7 44. Ra5 Kg6 45. Ra6+ Kg5 46. h4+ Kxh4 47. Rb6 0-1

[Event "Aarhus"]
[Site "Aarhus"]
[Date "1993.??.??"]
[Round "4"]
[White "Hastings, Jonathan"]
[Black "Summerscale, Aaron"]
[Result "0-1"]
[WhiteElo "2215"]
[BlackElo "2345"]
[PlyCount "112"]
[EventDate "1993.01.??"]
[EventType "tourn"]
[EventRounds "9"]
[EventCountry "DEN"]
[EventCategory "9"]
[SourceTitle "EXT 1998"]
[Source "ChessBase"]
[SourceDate "1997.11.17"]
[SourceVersion "1"]
[SourceVersionDate "1997.11.17"]
[SourceQuality "1"]

1. e4 e5 2. Nc3 d6 3. Bc4 Nc6 4. d3 Na5 5. f4 Nxc4 6. dxc4 Be6 7. Qd3 g6 8. Nf3 Bg7 9. 0-0 h6 10. Re1 Ne7 11. Nd5 Qd7 12. Bd2 Nc6 13. Bc3 0-0 14. Rad1 Rae8 15. b4 Bg4 16. fxe5 Bxf3 17. Qxf3 Nxe5 18. Nf6+ Bxf6 19. Qxf6 Qe6 20. Qxe6 Rxe6 21. c5 dxc5 22. bxc5 Rfe8 23. Rb1 b6 24. cxb6 axb6 25. Rb4 Ra8 26. a4 c5 27. Rbb1 Nc4 28. Ra1 Rae8 29. e5 Nxe5 30. Bxe5 Rxe5 31. Rxe5 Rxe5 32. a5 bxa5 33. Rxa5 Rf5 34. g4 Rf4 35. Rxc5 Rxg4+ 36. Kf2 Kg7 37. Rc6 Rf4+ 38. Kg3 Rf6 39. Rc8 Ra6 40. Rc7 h5 41. Kf3 Ra3+ 42. Kf2 g5 43. Rc5 Kg6 44. Kg2 g4 45. Kf2 h4 46. Rd5 Rc3 47. Rd2 f5 48. Kg2 f4 49. Kf2 Kf5 50. Kg2 f3+ 51. Kg1 g3 52. Kf1 Ke4 53. Kg1 f2+ 54. Kf1 Re3 55. hxg3 hxg3 56. Re2 g2+ 0-1

[Event "BCF-ch"]
[Site "Dundee"]
[Date "1993.??.??"]
[Round "5"]
[White "Rowson, Jonathan"]
[Black "Hastings, Jonathan"]
[Result "0-1"]
[WhiteElo "2325"]
[BlackElo "2210"]
[PlyCount "74"]
[EventDate "1993.08.??"]
[EventType "swiss"]
[EventRounds "11"]
[EventCountry "SCO"]
[SourceTitle "TD"]
[Source "ChessBase"]
[SourceDate "1994.03.01"]
[SourceVersion "1"]
[SourceVersionDate "1994.03.01"]
[SourceQuality "1"]

1. e4 c6 2. d4 d5 3. e5 g6 4. c4 Be6 5. Ne2 dxc4 6. Nf4 Bd5 7. Nd2 Qb6 8. Qc2 Qxd4 9. Nxc4 Qe4+ 10. Qxe4 Bxe4 11. e6 Bg7 12. Na5 b6 13. exf7+ Kxf7 14. Bc4+ Ke8 15. Nb3 Bf5 16. 0-0 e5 17. Nd5 Na6 18. Ne3 Nc7 19. Bd2 Ne7 20. Rfe1 Ncd5 21. Bxd5 cxd5 22. Bb4 Be6 23. Rac1 Rc8 24. Rxc8+ Nxc8 25. f4 a5 26. Ba3 a4 27. Nc1 e4 28. Rd1 d4 29. Nf1 Bg4 30. Re1 e3 31. h3 Bd7 32. Rd1 Bb5 33. Ng3 Kf7 34. Nce2 d3 35. Nc3 Bxc3 36. bxc3 e2 37. Rb1 d2 0-1

[Event "Lloyds Bank op 17th"]
[Site "London"]
[Date "1993.??.??"]
[Round "5"]
[White "Summerscale, Aaron"]
[Black "Hastings, Jonathan"]
[Result "1-0"]
[WhiteElo "2355"]
[BlackElo "2210"]
[PlyCount "93"]
[EventDate "1993.08.??"]
[EventType "swiss"]
[EventRounds "10"]
[EventCountry "ENG"]
[SourceTitle "EXT 1998"]
[Source "ChessBase"]
[SourceDate "1997.11.17"]
[SourceVersion "1"]
[SourceVersionDate "1997.11.17"]
[SourceQuality "1"]

1. Nf3 Nf6 2. d4 e6 3. e3 b6 4. Bd3 Bb7 5. Nbd2 d5 6. 0-0 Bd6 7. b3 Nbd7 8. Bb2 Ne4 9. Ne5 Bxe5 10. dxe5 Nxd2 11. Qxd2 Nc5 12. Bb5+ c6 13. Be2 Qc7 14. Rfd1 Rd8 15. Qd4 Ba6 16. Bf3 Nd7 17. e4 0-0 18. exd5 cxd5 19. Rd2 Qc5 20. Qa4 Bb5 21. Qg4 Rfe8 22. Rad1 Qc7 23. Qg5 Nf8 24. h4 Rc8 25. Re1 Qe7 26. Qg3 Qb4 27. Red1 Qe7 28. Bg4 Rc7 29. f4 Bd7 30. h5 h6 31. Be2 Rec8 32. Bd3 Qc5+ 33. Kh2 Bb5 34. Bd4 Qc6 35. c3 Bxd3 36. Qxd3 Qe8 37. g4 Qe7 38. Qg3 g5 39. hxg6 Nxg6 40. f5 exf5 41. gxf5 Qh4+ 42. Qxh4 Nxh4 43. Rf2 Rxc3 44. Bxc3 Rxc3 45. Rg1+ Kf8 46. Rg3 d4 47. Rh3 1-0